| 000 | 00708nam a2200253Ia 4500 | ||
|---|---|---|---|
| 003 | GCL | ||
| 008 | 140319s9999 xx 000 0 ara d | ||
| 040 |
_aGCL / _cGCL |
||
| 082 | 0 | 4 |
_aط _b028.5 _bم ك |
| 100 | 1 | _aمكتبة لبنان | |
| 245 | 1 | 0 |
_aالتمويه / _cمكتبة لبنان |
| 260 |
_a[S.N] : _bمكتبة لبنان |
||
| 300 | _a31 ص | ||
| 490 |
_aكتب الفراشة حكايات محبوبة _v0 |
||
| 650 | 0 | 4 | _aالاطفال |
| 650 | 0 | 4 | _aالادب |
| 650 | 0 | 4 | _aالثقافة |
| 650 | 0 | 4 | _aالكتب |
| 650 | 0 | 4 | _aادب الاطفال |
| 650 | 0 | 4 | _aالتثقيف الذاتى |
| 650 | 0 | 4 | _aالمعرفة |
| 650 | 0 | 4 | _aكتب الاطفال |
| 942 |
_2ddc _cBK |
||
| 999 |
_c32140 _d32140 |
||